[Event "ch-SRB"]
[Site "Kragujevac SRB"]
[Date "2011.02.28"]
[Round "1"]
[White "Lukovic, Vladimir"]
[Black "Miladinovic, Igor"]
[Result "1/2-1/2"]
[BlackTitle "GM"]
[WhiteElo "2234"]
[BlackElo "2556"]
[WhiteFideId "942952"]
[BlackFideId "4203380"]
[EventDate "2011.02.28"]

1. e4 c5 2. Nf3 a6 3. c4 e6 4. d4 cxd4 5. Nxd4 Qc7 6. Bd3 Bd6 7. Nc3 Nf6 8. h3
Nc6 9. Nxc6 dxc6 10. Be3 Bf4 11. Bxf4 Qxf4 12. Qd2 Qxd2+ 13. Kxd2 e5 14. Ke3 Be6
15. Be2 Ke7 16. Rad1 b5 17. cxb5 axb5 18. a3 Rhb8 19. Rd2 b4 20. axb4 Rxb4 21.
Rc1 Rab8 22. Rcc2 R8b6 23. Bf3 g5 24. Ne2 h5 25. Ng3 h4 26. Ne2 Bb3 27. Rc3 Ne8
28. Nc1 Nd6 29. Nxb3 Rxb3 30. Be2 Kd7 31. Rc2 R3b4 32. Bd3 f6 33. g3 g4 34. hxg4
h3 35. Rc1 Rxb2 36. Rh1 R6b3 37. Rxb3 Rxb3 38. Rxh3 c5 39. Kd2 c4 40. Bc2 Rf3
41. Ke2 Ra3 42. Rh7+ Kc6 43. Rh6 Kc5 44. Rxf6 Nb5 45. Kd2 Nd4 46. Rf8 Nf3+ 47.
Ke2 Nd4+ 48. Kd2 1/2-1/2

[Event "ch-SRB"]
[Site "Kragujevac SRB"]
[Date "2011.02.12"]
[Round "12"]
[White "Saric, Sinisa"]
[Black "Abramovic, Bosko"]
[Result "1/2-1/2"]
[WhiteTitle "IM"]
[BlackTitle "GM"]
[WhiteElo "2448"]
[BlackElo "2460"]
[WhiteFideId "925071"]
[BlackFideId "900206"]
[EventDate "2011.02.28"]

1. d4 e6 2. c4 Bb4+ 3. Nd2 d5 4. Nf3 Nf6 5. Qa4+ Nc6 6. a3 Be7 7. e3 O-O 8. Qc2
Re8 9. b3 Bf8 10. Bb2 Nd7 11. Bd3 g6 12. h4 h6 13. O-O-O Bg7 14. g4 Qe7 15. g5
h5 16. e4 dxc4 17. Nxc4 e5 18. d5 Nd4 19. Nxd4 exd4 20. Rhe1 Nc5 21. b4 Nxd3+
22. Qxd3 a5 23. Nxa5 Qd6 24. Bxd4 Qf4+ 25. Qe3 Qxh4 26. Bxg7 Kxg7 27. e5 b6 28.
Rd4 Qh3 29. Nc4 Qxe3+ 30. Rxe3 Bd7 31. Kb2 Rad8 32. Kc3 Bf5 33. a4 Rh8 34. d6 c5
35. bxc5 bxc5 36. Rh4 Rb8 37. Re2 Rb1 38. Rb2 Ra1 39. a5 Be6 40. Kd2 Re8 41. Rb5
Ra2+ 42. Kc3 Rxf2 43. Rxc5 Rg2 44. Nb6 Rxg5 45. a6 Rg3+ 46. Kb4 Rb8 47. Rb5 Rb3+
48. Ka5 Ra3+ 49. Ra4 Rxa4+ 50. Kxa4 h4 51. a7 Rd8 52. Rb2 h3 53. a8=Q Rxa8+ 54.
Nxa8 g5 55. Nc7 Bd7+ 56. Ka5 g4 57. Nd5 Kg6 58. Ne3 g3 59. Kb6 Kg5 60. Kc7 Be6
61. Rb4 h2 62. Rb1 Kf4 63. Re1 Kf3 64. Nf1 Kf2 65. Nxh2 Kxe1 66. Nf3+ Kf2 67.
Nh4 g2 68. Nxg2 Kxg2 69. d7 Bxd7 70. Kxd7 Kf3 71. Ke7 Ke4 72. Kxf7 1/2-1/2

[Event "ch-SRB"]
[Site "Kragujevac SRB"]
[Date "2011.02.13"]
[Round "13"]
[White "Milanovic, Danilo"]
[Black "Bogosavljevic, Boban"]
[Result "0-1"]
[WhiteTitle "GM"]
[BlackTitle "GM"]
[WhiteElo "2517"]
[BlackElo "2561"]
[WhiteFideId "915483"]
[BlackFideId "931152"]
[EventDate "2011.02.28"]

1. d4 Nf6 2. c4 e6 3. Nc3 Bb4 4. e3 O-O 5. Bd3 d6 6. Ne2 e5 7. O-O Ba5 8. a3 c6
9. b4 Bc7 10. d5 a5 11. Bd2 b5 12. Qb3 bxc4 13. Bxc4 Bb7 14. Rac1 axb4 15. axb4
Nbd7 16. dxc6 Bxc6 17. Nd5 Bxd5 18. Bxd5 Nxd5 19. Qxd5 Nf6 20. Qb7 Bb6 21. Rfd1
d5 22. Rc6 Rb8 23. Qa6 Re8 24. Be1 d4 25. Ng3 Nd5 26. e4 Nf4 27. Bd2 g6 28. h3
h5 29. Nf1 Ne6 30. Rdc1 d3 31. R1c3 Nd4 32. Rxd3 Nxc6 33. Rxd8 Rexd8 34. Qa4 Nd4
35. Bg5 Ra8 36. Qd1 Rdc8 37. Kh1 Ra2 38. Be3 Rcc2 39. h4 Kg7 40. Ng3 Ne2 41.
Nxh5+ gxh5 42. Qd6 Ng3+ 43. fxg3 Bxe3 44. Qxe5+ Kh7 45. Qxh5+ Kg8 46. e5 Rxg2
47. Qg4+ Kf8 48. Qc8+ Kg7 49. Qg4+ Kh6 0-1